| Tag |
First Indicator |
Second Indicator |
Subfields |
| LEADER |
00000cam a22000001 4500 |
| 001 |
in00000042203 |
| 005 |
20151007070807.0 |
| 008 |
710315s1968 nju h 00000 eng |
| 010 |
|
|
|a 68029059
|
| 035 |
|
|
|a (OCoLC)00449190
|
| 035 |
|
|
|9 AAE4729AM
|
| 040 |
|
|
|a DLC
|c DLC
|d TXA
|d UtOrBLW
|
| 043 |
|
|
|a n-us---
|
| 049 |
|
|
|a TXAM
|
| 050 |
0 |
0 |
|a KF6369.8.E9
|b E9
|
| 082 |
0 |
|
|a 336.2/4/0973
|
| 110 |
2 |
|
|a Executive Reports Corporation.
|
| 245 |
1 |
0 |
|a Executive's tax desk manual.
|
| 264 |
|
1 |
|a [Englewood Cliffs, N.J.],
|b [publisher not identified] ;
|c [1968]
|
| 300 |
|
|
|a 1 volume (various pagings)
|
| 336 |
|
|
|a text
|b txt
|2 rdacontent
|
| 337 |
|
|
|a unmediated
|b n
|2 rdamedia
|
| 338 |
|
|
|a volume
|b nc
|2 rdacarrier
|
| 500 |
|
|
|a "An Executive Reports Corporation exclusive."
|
| 650 |
|
0 |
|a Income tax
|x Law and legislation
|z United States.
|
| 650 |
|
0 |
|a Executives
|x Taxation
|z United States.
|
| 999 |
|
|
|a MARS
|
| 999 |
f |
f |
|s 7f842445-06de-3220-b2fd-7b4de38617e9
|i 75a586fc-7323-3d0b-8413-d786c035a3f8
|t 0
|
| 952 |
f |
f |
|p ric
|a Texas A&M University
|b Rellis Campus
|c Joint Library Facility
|s JLF
|d Remote Storage
|t 0
|e KF6369.8.E9 E9
|h Library of Congress classification
|i unmediated -- volume
|m A14803191522
|
| 998 |
f |
f |
|a KF6369.8.E9 E9
|t 0
|l Remote Storage
|